| 000 | 00742cam a2200205 4500 | ||
|---|---|---|---|
| 001 | WB3708-10 | ||
| 008 | 000000n2001 000 0 eng u | ||
| 035 | _a(Sirsi) u111077 | ||
| 245 | _aSouth east ready to try the Delft model | ||
| 260 | _c2001 | ||
| 490 |
_aHousing Today _v 15 February 2001, 2(1) |
||
| 520 | _aA single choice-based lettings system in London and the south-east is a possibility after a £1m bid by a consortium of housing associations and councils. If successful, the region could have a single lettings list option by 2005. | ||
| 590 | _aWB | ||
| 650 | _aHOUSING ASSOCIATIONS | ||
| 650 | _aLOCAL AUTHORITIES | ||
| 650 | _aLETTINGS SYSTEM | ||
| 650 | _aWILLIAM SUTTON TRUST | ||
| 690 | _aHOUSING | ||
| 942 | _n0 | ||
| 999 |
_c66177 _d66177 |
||